000 00590nam a2200241Ia 4500
005 20250425160813.0
008 250425s9999 xx 000 0 und d
041 _aspa
082 _a621.3192
100 _aBRENNER, EGON
245 0 _aANÁLISIS DE CIRCUITOS ELÉCTRICOS
250 _a1A ED.
260 _aEstados Unidos
_bMCGRAW-HILL
_c1966
260 _aS.L.
300 _a715
650 _aANALISIS DE CIRCUITOS ELECTRICOS
650 _aFUNCIONES DE REDES
650 _aONDAS
650 _aSERIES DE FOURIER
700 _aJAVID, MANSOUR
942 _c01
010 _a5597
999 _c196462
_d196462